000 00218nam a2200085Ia 4500
008 120527s9999 xx 000 0 und d
100 _aCarrell & Heavin
245 _aLabor relations and collective bargaining
942 _cBK
999 _c27492
_d27492